[Event "POL-ch Rapid U18 Girls"]
[Site "Bydgoszcz"]
[Date "2023.08.30"]
[Round "10"]
[White "Dabrowska, Eliza"]
[Black "Radomska, Nikola"]
[Result "0-1"]
[WhiteElo "1029"]
[BlackElo "1174"]
[PlyCount "63"]
[EventDate "2023.08.28"]
[EventType "swiss"]
[EventRounds "11"]
[EventCountry "POL"]
[SourceTitle "EXT 2024"]
[Source "ChessBase"]
[SourceDate "2023.10.10"]
[SourceVersion "1"]
[SourceVersionDate "2023.10.10"]
[SourceQuality "1"]

1. e4 e5 2. Nf3 Nc6 3. d4 exd4 4. Bc4 d6 5. Nxd4 Nxd4 6. Qxd4 c5 7. Qd1 Be7 8. 0-0 Bf6 9. c3 Ne7 10. Bf4 0-0 11. Bxd6 b6 12. Bg3 Bd7 13. Nd2 b5 14. Be2 b4 15. e5 Bg5 16. f4 Bh6 17. Bf3 Rb8 18. Qc2 Qb6 19. c4 f6 20. Qd3 Be6 21. exf6 Rxf6 22. Be4 Bf5 23. Bxf5 Nxf5 24. Qd5+ Kh8 25. Bf2 Bxf4 26. Bxc5 Qc7 27. Nf3 Be3+ 28. Bxe3 Nxe3 29. Qe5 Qxe5 30. Nxe5 Nxf1 31. Rxf1 Rxf1+ 32. Kxf1 0-1

[Event "POL-ch Rapid U18 Girls"]
[Site "Bydgoszcz"]
[Date "2023.08.30"]
[Round "7"]
[White "Staszczyszyn, Marta"]
[Black "Radomska, Nikola"]
[Result "1-0"]
[WhiteElo "1138"]
[BlackElo "1174"]
[PlyCount "105"]
[EventDate "2023.08.28"]
[EventType "swiss"]
[EventRounds "11"]
[EventCountry "POL"]
[SourceTitle "EXT 2024"]
[Source "ChessBase"]
[SourceDate "2023.10.10"]
[SourceVersion "1"]
[SourceVersionDate "2023.10.10"]
[SourceQuality "1"]

1. d4 c6 2. Nf3 d5 3. e3 Nf6 4. Be2 Bg4 5. h3 Bh5 6. 0-0 e6 7. c4 c5 8. Nbd2 Nc6 9. dxc5 Bxc5 10. a3 e5 11. b4 Be7 12. Bb2 dxc4 13. Nxc4 Qxd1 14. Raxd1 e4 15. Nd4 Nxd4 16. Bxh5 Nb3 17. Be2 0-0 18. Rd7 Rad8 19. Rxd8 Rxd8 20. Rd1 Rc8 21. Rb1 b5 22. Ne5 Nd2 23. Bc3 Rxc3 24. Rd1 Rc2 25. Bxb5 Nb3 26. Rb1 Na1 27. Rxa1 g6 28. Nc6 Bd6 29. Nxa7 Be5 30. Rc1 Ra2 31. a4 Rb2 32. Nc6 Bc7 33. a5 Ra2 34. a6 Bb6 35. Bc4 Ra4 36. Bf1 Ra2 37. b5 g5 38. Nb4 Ra4 39. Nc6 g4 40. hxg4 Nxg4 41. Be2 Nf6 42. Ne7+ Kg7 43. Nc8 Bc7 44. b6 Bxb6 45. Nxb6 Ra2 46. Bc4 Rb2 47. a7 Rxb6 48. a8Q Rb2 49. Qa7 Rc2 50. Qxf7+ Kh6 51. Qxf6+ Kh5 52. Be2+ Rxe2 53. Qf5+ 1-0

[Event "POL-ch Rapid U18 Girls"]
[Site "Bydgoszcz"]
[Date "2023.08.29"]
[Round "5"]
[White "Radomska, Nikola"]
[Black "Olszanska, Julia"]
[Result "1-0"]
[WhiteElo "1174"]
[BlackElo "1084"]
[PlyCount "27"]
[EventDate "2023.08.28"]
[EventType "swiss"]
[EventRounds "11"]
[EventCountry "POL"]
[SourceTitle "EXT 2024"]
[Source "ChessBase"]
[SourceDate "2023.10.10"]
[SourceVersion "1"]
[SourceVersionDate "2023.10.10"]
[SourceQuality "1"]

1. e4 c5 2. Nf3 a6 3. Bc4 Nf6 4. e5 d5 5. exf6 dxc4 6. fxg7 Bxg7 7. 0-0 Bg4 8. h3 Bh5 9. Qe2 b5 10. Qe4 Nd7 11. Re1 Nf6 12. Qe5 Qd7 13. Qxc5 Qd5 14. Qxe7# 1-0